Normal view
MARC view
Entry Uniform Title
001 - CONTROL NUMBER
- control field: 39044
003 - CONTROL NUMBER IDENTIFIER
- control field: dpl
005 - DATE AND TIME OF LATEST TRANSACTION
- control field: 20120112140533.0
008 - FIXED-LENGTH DATA ELEMENTS
- fixed length control field: 120112|||a|||||| | ||| d
040 ## - CATALOGING SOURCE
- Original cataloging agency: dpl
- Transcribing agency: dpl
130 ## - HEADING--UNIFORM TITLE
- Uniform title: Oracle WebLogic server.
670 ## - SOURCE DATA FOUND
- Source citation: Work cat.: (dpl)0: Alapati, Sam R. 39043, Oracle WebLogic server 11g administration handbook /, c2012
670 ## - SOURCE DATA FOUND
- Source citation: Work cat.: (dpl)0: Alapati, Sam R. 39043, Oracle WebLogic server 11g administration handbook /, c2012
